00578nam a22002177a 4500003000500000005001700005008004100022010001000063011001100073020001500084035001100099040000900110082001600119100002400135245008700159260003600246300001100282650002700293650002000320700002000340CHAP20220329143615.0100906s1981 mx r 00010 spa d a99196 a100168 a968181326X a110854 cCHAP00a519.72bB3y00aBazaraa, Mokhtar S.10aProgramación lineal y de flujo en redesc/por Mokhtar S. Bazaraa y JohnJ. Jarvis aMéxico, D.F. :bLimusa,c1981 a539 p.14aProgramación lineal.14aRedes de flujo.0 aJarvis, John J.